000
00326nam a22001457a 4500
003
SGT
020
_a
978-0-7020-6891-1
082
_a
610
_b
P17D
100
_a
DENT, JOHN A.
245
_a
A PRACTICAL GUIDE FOR MEDICAL TEACHER
250
_a
5TH
260
_a
EDINBURGH
_b
ELSEVIER
_c
2017
300
_a
405
942
_2
ddc
_c
BK
999
_c
15230
_d
15230